000 00691nam a2200193Ii 4500
003 JO-AjNU
008 230605s9999||||xx |||||||||||||| ||und||
040 _aJO-AjNU
_bara
_erda
_cJO-AjNU
041 _aara
050 1 4 _aT55.5.M846.1986
100 3 _aاتحاد المهندسين العرب,
_eauthor
_916165
245 0 0 _aالمعجم الموحد الشامل للمصطلحات الفنية للهندسة والتكنولوجيا والعلوم
250 _aط1
264 3 1 _aالكويت : مؤسسة الكويت للتقدم العلمي، 1986
300 _a1781ص
336 _atext
_btxt
_2rdacontent
337 _aunmediated
_bn
_2rdamedia
338 _avolume
_bnc
_2rdacarrier
999 _aA4730
_c8298
_d8298